| 000 | 00000nam##2200000za#4500 |
| 001 | 9.579173 |
| 003 | CaOODSP |
| 005 | 20210624190434 |
| 007 | cr ||||||||||| |
| 008 | 150406|1998||||xxc|||||o f|0| 0 eng|d |
| 022 | |a1488-5379 |
| 040 | |aCaOODSP|beng |
| 043 | |an-cn--- |
| 086 | 1 |aFs97-6/2224E-PDF |
| 110 | 1 |aCanada. |bDepartment of Fisheries and Oceans. |
| 245 | 10|aSensitivity analyses and modifications to the IOS river temperature model / |h[electronic resource]|cby J.M. Morrison and M.G.G. Foreman. |
| 260 | |aSidney - British Columbia : |bFisheries and Oceans Canada |c1998. |
| 300 | |a19p.|bfigs., references, tables |
| 490 | 1 |aCanadian technical report of fisheries and aquatic sciences|x1488-5379|vNo. 2224 |
| 500 | |aOn t. p. : Institute of Ocean Sciences, Sydney, British Columbia. The catalogue number and ISSN for the print edition appear in the PDF version. |
| 546 | |a(Résumé en français) |
| 590 | |a14-06-Supp|b2014-03-21 |
| 720 | 1 |aForeman, M. G. G. |
| 720 | 1 |aMorrison, J. M. |
| 830 | #0|aCanadian technical report of fisheries and aquatic sciences,|x1488-5379|vNo. 2224|w(CaOODSP)9.504449 |
| 856 | 40|ahttp://publications.gc.ca|qPDF|s772 KB|uhttps://publications.gc.ca/collections/collection_2014/mpo-dfo/Fs97-6-2224-eng.pdf|yNo. 2224 |